000
00339nam a22001097a 4500
082
_a
001
100
_a
मात्यु माम्मन
_9
83056
245
_a
मनोरमा इयर बुक 2025
260
_a
Dehli
_b
मलयाला मनोरमा
_c
2026
650
_a
सामान्य ज्ञान
942
_c
HIN
999
_c
68530
_d
68530